[Event "Budapest FS12 GM-A"]
[Site "Budapest"]
[Date "2001.12.09"]
[Round "9"]
[White "Cao, Sang"]
[Black "Horvath, Jozsef"]
[Result "1-0"]
[WhiteElo "2507"]
[BlackElo "2551"]
[Annotator "Ribli,Z"]
[PlyCount "79"]
[EventDate "2001.11.01"]
[EventType "tourn"]
[EventRounds "13"]
[EventCountry "HUN"]
[EventCategory "10"]
[SourceTitle "CBM 087"]
[Source "ChessBase"]
[SourceDate "2002.03.21"]
[SourceVersion "1"]
[SourceVersionDate "2002.03.21"]
[SourceQuality "1"]

1. e4 c5 2. Nf3 e6 3. d4 cxd4 4. Nxd4 a6 5. Bd3 g6 {Das ist eine Nebenvariante
- auf den ersten Blick wirkt der Textzug nicht allzu logisch, denn Schwarz
verliert Zeit und schwächt die schwarzen Felder in seiner Stellung. In der
Turnierpraxis hat sich diese Fortsetzung jedoch recht gut bewährt.} 6. O-O {
Diese natürlich wirkende Fortsetzung ist ein wenig schablonenhaft.} (6. c4 $142
{Das ist die beste Fortsetzung für Weiß - denn hier bekommt er Raumvorteil und
(gute) Chancen auf Eröffnungsvorteil.}) 6... Bg7 7. c3 {Weiß verteidigt den
Springer mit seiem Bauern - damit kommt er jedoch nicht mehr zu c2-c4.} (7. Nf3
Nc6 8. Nc3 d5 9. exd5 exd5 10. Bg5 Nge7) 7... Ne7 (7... d6) (7... Qc7) 8. Nd2 (
8. f4 Nbc6 9. Nf3 (9. Nxc6 $5) 9... d6 10. Be3 b5 11. a3 Qc7 12. Nbd2 O-O {
1/2-1/2 Rocha,S-Mainka,R/Barreiro POR 2001/(62)}) (8. Qe2 Nbc6 9. Nf3 (9. Nxc6
Nxc6 10. Be3 O-O 11. Bc5 d6 12. Ba3 b5 13. Nd2 Re8 14. Rfe1 Ra7 {1/2-1/2
Ahundov,R-Ionescu,C/Yerevan 1996/EXT 97 (52)}) 9... Qc7 10. Re1 d6 11. h4 O-O
12. h5 {1-0 Kudrin,S-Nieminen,K/Port Erin 1999/CBM 74 (34)}) 8... O-O (8...
Nbc6 9. N2b3 d5 10. Be3 O-O 11. Qc1 Ne5 12. Bc2 Nc4 13. Bh6 Bxh6 14. Qxh6 Nxb2
15. Nf3 f6 {1/2-1/2 Shirjaeva,J-Lartseva,S/St Petersburg 2000/CBM 75 ext (29)})
(8... d5 $5 9. N4f3 (9. exd5 Nxd5 10. N2f3 O-O 11. Bg5 $36) 9... Nbc6 10. Re1
Qc7 11. Qe2 dxe4 12. Nxe4 h6 13. Bc4 O-O 14. Rd1 Na5 15. Nd6 Nxc4 16. Qxc4 Qxc4
17. Nxc4 b5 18. Nb6 Rb8 {0-1 Langrock,H-Cladouras,P/Hamburg 1999/EXT 2001 (47)}
) 9. N2f3 {Weiß möchte nicht f2-f4 spielen, sondern srtebt die schnelle
Entwicklung seiner Figuren an.} (9. f4) 9... e5 {Schwarz greift den Nd4 an und
möchte ein starkes Zentrum aufbauen. Weiß verfügt jedoch über großen
Entwicklungsvorsprung.} (9... Nbc6 10. Bg5) 10. Nc2 $1 {[%cal Gc2e3,Ge3d5,
Gc2b4,Gb4d5]} (10. Nb3 d5 $11) 10... d5 11. exd5 Nxd5 (11... Qxd5 12. Bg5 Nbc6
13. Ne3 $14) 12. Bg5 $1 $14 f6 $2 {[%mdl 16384] Dieser Zug wäre positionell
nicht so schlecht, Schwarz fehlt hierfür aber ein sehr wichtiges Tempo.} (12...
Qd7 $142 $14) 13. Bc4 $1 (13. Bh4 Nc6 14. Bc4 Be6 15. Ne3 Nf4 $11) 13... Be6 (
13... fxg5 $2 14. Qxd5+ Qxd5 15. Bxd5+ Kh8 16. Nxg5 $18) 14. Ne3 Nc7 (14...
fxg5 15. Bxd5 Bxd5 16. Qxd5+ Qxd5 17. Nxd5 $16) 15. Bxe6+ (15. Qb3) 15... Nxe6
16. Qb3 Qe8 (16... Qc8 17. Nd5 $18 {[%cal Rd5b6,Rb6c8,Rb6a8,Rd5e7,Re7g8,Re7c8]}
) 17. Nd5 Qb5 $2 (17... Qf7 $14) (17... Rf7 $14) 18. Nb6 $1 (18. Ne7+ Kf7 $2
$19) (18. Qxb5 axb5 19. Be3 Nc6 {Der schwache Pb5 wäre nicht sonderlich von
Bedeutung.}) 18... Qxb3 19. axb3 fxg5 20. Nxa8 $16 {[%mdl 1024] Weiß hat nun
eine Qualität mehr. Auch wenn der Na8 etwas unglücklich steht, so muss Weiß
seinen materiellen Vorteil verwerten können.} e4 21. Ne1 {Weiß muss so spielen
und die d-Linie für den Turm reservieren.} (21. Nd2 $2 Nd7 22. Nxe4 Rxa8 $11)
21... Nd7 22. Rd1 Ndc5 23. Nb6 {Endlich gelangt der Springer zurück ins Spiel.}
(23. b4 $2 Na4 $132 24. Nb6 Nxb6 25. Rd6 {[%cal Rd6e6,Rd6b6]} Nd8 26. Rxb6 Be5
$15 {[%csl Rb6][%cal Re5c7,Rc7b6]}) 23... Nxb3 {Schwarz hat einen Bauern für
die Qualität, aber Weiß kann die Stellung seiner Figuren verbessern.} 24. Nc2
Nf4 {[%cal Gf4d3]} 25. f3 {Weiß tauscht den starken Pe4 ab und öffnet die
Linien für seine Türme.} exf3 26. Rxf3 g4 27. Re3 (27. Rff1 $16) 27... Bh6 {
[%cal Gh6e3]} 28. Nd7 (28. Re7 $16) 28... Rf7 29. Ne5 {[%cal Re5f7,Re5g4]} Re7
30. Ree1 (30. Nxg4 $2 Ne2+ 31. Rxe2 Rxe2 32. Nxh6+ Kg7 33. Ng4 Rxc2 34. Rd7+
Kf8 $14) 30... Bg5 31. g3 (31. Nxg4 $18) 31... Nh3+ 32. Kg2 Bd2 33. Re2 Ng5 (
33... Bf4 34. Rde1 $18 (34. gxf4 $2 Nxf4+ 35. Kf2 Nxe2 36. Nd3 Re4 (36... Nxc3
37. bxc3 Rc7 38. Ne3 Rxc3 39. Nxg4 $14) 37. Re1 Nf4 38. Rxe4 Nxd3+ $14)) 34.
Nd4 Nxd4 35. cxd4 Bb4 (35... Ba5 36. Rc2) 36. Rc2 h5 37. Nxg6 $18 Re4 38. Nf4
h4 39. gxh4 Nf3 (39... Rxf4 40. hxg5 $18) 40. Nd5 {[%cal Rd5f6,Rf6g8,Rf6e4,
Rd5b4]} 1-0

[Event "RUS-ch U20"]
[Site "Ekaterinburg"]
[Date "1996.??.??"]
[Round "3"]
[White "Lastin, Alexander"]
[Black "Prokopchuk, Evgeny"]
[Result "1-0"]
[WhiteElo "2480"]
[BlackElo "2450"]
[Annotator "Ribli,Z"]
[PlyCount "49"]
[EventDate "1996.??.??"]
[EventType "tourn"]
[EventRounds "11"]
[EventCountry "RUS"]
[EventCategory "8"]
[SourceTitle "CBM 054"]
[Source "ChessBase"]
[SourceDate "1996.10.01"]
[SourceVersion "1"]
[SourceVersionDate "1996.10.01"]
[SourceQuality "1"]

1. Nf3 c5 2. e4 {Eine etwas ungewöhnliche Zugfolge für die Sizilianische
Verteidigung.} e6 3. d4 cxd4 4. Nxd4 a6 5. Bd3 Nf6 6. O-O d6 7. c4 Bd7 8. Nc3
Nc6 9. Nxc6 Bxc6 10. b3 $5 (10. Bf4) 10... Be7 11. Bb2 O-O 12. Qe2 Re8 (12...
Rc8 13. Kh1 Nd7 14. f4 Bf6 15. Rad1 $14 {Howell,J-Aldama,D/Capablanca mem-A/
1993/CBM36/}) (12... g6 13. Rad1 Re8 14. e5 $36 {Chandler,M-Ginsburg,M/London
Lloyds/1991/}) 13. Rad1 $5 (13. f4 d5 $1 14. cxd5 exd5 15. e5 Ne4 16. Nxe4 dxe4
17. Bxe4 Bb5 $13 {Arnason,J-Toskov/Jurmala/1987/INF44,198/}) 13... Qb8 $6 (
13... Nd7 14. f4 Bf6 (14... Qc7 $5) 15. e5 dxe5 16. Ne4 Bxe4 17. Qxe4 g6 18.
fxe5 $40) (13... Qa5 14. a3 (14. f4 Qh5 $5) 14... Rac8 15. b4 Qh5 16. f3 Bd8
17. Qf2 Nd7 18. g4 Qh3 19. Qg3 Qxg3+ 20. hxg3 Nb6 21. Be2 Be7 $13 {Zakic,
S-Dizdarevic,E/JUG-Cup Pula/1990/}) (13... Qc7 14. f4 Nd7 15. Bb1 Rad8 16. Qh5
g6 17. Qh6 Bf8 18. Qh4 Bg7 19. f5 Qa5 $13 {Gachon,L-Bischoff,K/Montpellier/
1988/}) 14. f4 {In diesen Stellungen Weiss droht mit 15.e5. Wenn Schwarz
seinen Königsflügel mit 14.-,g6 -wie in der Partie- kompromittiert, wird der
Bauernvorstoss f5 später die Hauptdrohung.} g6 15. Kh1 Nd7 16. Qf2 $14 {
[#] Alle weissen Figuren stehen gut und aktiv. Schwarz kann seinen
geschwächten Königsflügel kaum verteidigen.} b5 (16... Bf6 17. e5 dxe5 18. Be4
Qc7 19. fxe5 $18) 17. e5 dxe5 18. Be4 Qb7 19. fxe5 Rf8 20. Nd5 $1 {[#] Nach
diesem Zug zerfällt die schwarze Stellung zu Staub.} Bd8 21. Ba3 b4 22. Bxb4
exd5 23. Bxf8 Nxf8 24. cxd5 Bb5 25. d6 $1 {Ribli} 1-0

[Event "Reggio Emilia 9697 39th"]
[Site "Reggio Emilia"]
[Date "1996.12.26"]
[Round "1"]
[White "Tatai, Stefano"]
[Black "Bologan, Viktor"]
[Result "0-1"]
[WhiteElo "2375"]
[BlackElo "2600"]
[Annotator "Ribli,Z"]
[PlyCount "110"]
[EventDate "1996.12.26"]
[EventType "tourn"]
[EventRounds "9"]
[EventCountry "ITA"]
[EventCategory "11"]
[SourceTitle "CBM 057"]
[Source "ChessBase"]
[SourceDate "1997.04.01"]
[SourceVersion "1"]
[SourceVersionDate "1997.04.01"]
[SourceQuality "1"]

1. e4 c5 2. Nf3 e6 3. d4 cxd4 4. Nxd4 a6 5. Nc3 b5 {Eine etwas extravagante
Variante. Schwarz beschäftigt sich noch nicht mit der Entwicklung, er gewinnt
Raum am Damenflügel. Ribli.} 6. Bd3 d6 7. O-O Nf6 8. Re1 (8. b4 Be7 $5 9. a4
bxa4 10. Nxa4 O-O 11. Bb2 e5 12. Nb3 Nc6 13. Ba3 Be6 $13 {Tseshkovsky,
V-Bologan,V/Moscow2/1995/}) 8... Be7 9. a4 {Der übliche Plan.Weiss schwächt
die schwarze Bauernstellung und klärt die Situation am Damenflügel.Ribli.} (9.
Qf3) (9. f4 e5) 9... b4 10. Na2 Qb6 $5 (10... e5 11. Nf3 Nc6 12. c3 bxc3 13.
Nxc3 Be6 14. Ng5 $14 {in der wirklich alten Partie Hort-Portisch,Sousse 1967.
Ribli.}) 11. c3 (11. a5 $6 Qxa5 (11... Qxd4 $4 12. Bb5+ $18) (11... Qb7 12. Bd2
e5 13. Nf5 Bxf5 14. exf5 e4 15. Bxb4 exd3 16. Bxd6 $44 {Tiviakov,S-Bologan,V/
Oakham/1992/}) 12. Bd2 d5 13. Nxb4 Qb6) 11... bxc3 12. Nxc3 O-O 13. Bc2 Bd7 $5
{Der Textzug läßt das Feld b7 für die Dame frei.Ribli.} 14. a5 Qb4 $5 {Das ist
aktiver als 14...Qb7. Ribli.} 15. Qd2 Rc8 16. Ba4 (16. Nd5 $2 Qxd2 (16... Nxd5
17. exd5 Qxd2 18. Bxd2 Bf6 $5 (18... e5) 19. dxe6 (19. Be4 Bxd4 20. dxe6 Bc6)
19... fxe6) 17. Nxe7+ Kf8 18. Bxd2 Kxe7 19. Bc3) 16... Rc4 17. Nc2 Qb7 $13 {
Schwarz hat einige Schwächen am Damenflügel (den Punkt b6 und den Bauern a6),
aber er hat dort zwei offene Linien und aktives Figurenspiel. Ribli.} 18. f3
Bxa4 19. Nxa4 Nbd7 (19... Qc6 20. Nc3 Nbd7 $5 21. Ne3 Rc5 $13) 20. Ne3 Rc7 (
20... Rc6) 21. Qe2 Rac8 (21... d5 22. exd5 Nxd5 23. Nxd5 Qxd5 24. Nb6 Nxb6 25.
axb6 Bc5+ 26. Be3 Rb7 27. Red1 (27. Rxa6 $2 Bxe3+) (27. Bxc5 Qxc5+) (27. Kh1
Bxb6 (27... Rxb6) 28. Rxa6) 27... Qe5) 22. Bd2 d5 23. Nb6 $1 {Weiss nutzt
seine Gegenchance. Sonst erhielte Schwarz ohne Probleme eine gute Stellung.
Ribli.} dxe4 $5 {[#] Mit seinem Zug opfert Schwarz eine Qualität, und es ist
interessant, daß trotz Damentausch er eine unangenehme Initiative
aufrechterhält. Ribli.} (23... Nxb6 24. axb6 Rc6 25. exd5 exd5 (25... Nxd5 $2
26. Nxd5 exd5 27. Qxe7) 26. Qxa6 Rxb6 27. Qxb7 Rxb7 28. Bc3 (28. Nf5 Bc5+ 29.
Be3 Bxe3+ 30. Rxe3 Rd8 $11) 28... Bc5) 24. Nxc8 Rxc8 25. Rac1 Rb8 26. Nc4 exf3
27. Qxf3 {Es ist ratsam für Weiß, die Damen zu tauschen, weil seine
Königsstellung schwach ist. Ribli.} Qxf3 28. gxf3 Nd5 $44 {Was hat Schwarz
fuer die Qualitat ? Zuerst einmal einen Bauern und den Stützpunkt d5 für
seinen Springer. Außerdem sind die vier Bauern seines Gegners alle mehr oder
weniger isoliert. Ribli.} 29. Rc2 h6 30. Kg2 (30. f4 {Dieser Zug vermiede 30...
g5, aber das hätte auch Nachteile: alle vier Bauern stünden auf dunkelen
Feldern. Ribli.}) 30... g5 31. Re2 (31. h4 $5) 31... Bb4 32. Kf1 Kg7 33. Bxb4
Rxb4 34. Kf2 Rb5 35. Red2 N7f6 36. Rc1 Nh5 $15 {Weiß hat keinen guten Plan,
während Schwarz langsam eine starke Initiative am Königsflügel aufbaut. Ribli.}
37. Ra1 Nhf4 38. Ra3 f5 39. Ne3 Nxe3 40. Kxe3 Kf6 41. Rc2 (41. Rd6 Rxb2 42.
Rxa6 Ke5 {droht Matt auf e2. Ribli.}) 41... h5 42. Kd2 g4 43. fxg4 hxg4 $15 {
Der weiße Ph2 ist gut blockiert und spielt deshalb keine aktive Rolle, während
Schwarz zwei mögliche Freibauern auf der f- und e-Linie hat. Ribli.} 44. Kc1
Rb8 45. Rc6 Rh8 46. Rxa6 Rxh2 47. Ra8 g3 48. Rg8 (48. Rxg3 Ne2+) 48... g2 49.
a6 Rh8 $3 {[#] Ein sehr schöner Zug, der die Partie entscheidet. Weiß hat
keine Verteidigung. Ribli.} 50. Rxh8 (50. Rgg3 g1=Q+ (50... Ne2+ 51. Kd2 Nxg3
52. Rxg3 Ra8 53. Rxg2 Rxa6 $19) (50... Rh1+ $2 51. Kc2 g1=Q 52. Rxg1 Rxg1 53.
a7 Rg8 54. a8=Q Rxa8 55. Rxa8 $16) 51. Rxg1 Ne2+ $19) (50. Rag3 Ne2+ 51. Kd2
Nxg3 52. Rxg3 Ra8 53. Rxg2 Rxa6 $19) 50... g1=Q+ 51. Kc2 Qf2+ 52. Kb1 Qf1+ 53.
Ka2 Qc4+ 54. Ka1 Nd5 55. a7 Nb4 {Und Weiß gab auf, weil nach dem einzig
möglichen Zug 56.Rh1 56...Nc2 57.Kb1 Nxa3 58.bxa3 Qb3 59.Kc1 Qxa3 folgt. Ribli.
} 0-1

[Event "DEN-ch"]
[Site "Aarhus"]
[Date "1999.04.02"]
[Round "7"]
[White "Hansen, Sune Berg"]
[Black "Fries Nielsen, Jens Ove"]
[Result "1-0"]
[WhiteElo "2499"]
[BlackElo "2447"]
[Annotator "Ribli,Z"]
[PlyCount "51"]
[EventDate "1999.03.??"]
[EventType "tourn"]
[EventRounds "9"]
[EventCountry "DEN"]
[EventCategory "10"]
[SourceTitle "CBM 071"]
[Source "ChessBase"]
[SourceDate "1999.08.01"]
[SourceVersion "1"]
[SourceVersionDate "1999.08.01"]
[SourceQuality "1"]

{[%mdl 640]} 1. e4 c5 2. Nf3 e6 3. d4 cxd4 4. Nxd4 a6 5. Bd3 Bc5 6. Nb3 Ba7 {
Das ist die prinzipielle Fortsetzung, aber in letzter Zeit wurde auch 6...Be7
gespielt. Ribli.} 7. Nc3 (7. O-O Nc6 8. Qg4 {Eine sehr scharfe Variante. Weiß
möchte einen Bauern gewinnen, aber Schwarz erreicht Gegenspiel.} Nf6 9. Qxg7
Rg8 10. Qh6 Ne5 11. Be2 b5 $44) 7... Nc6 8. Qe2 d6 9. Be3 {Das ist eine gute
und hier auch übliche Strategie. Weiß tauscht die schwarzfeldrigen Läufer.}
Bxe3 (9... b5) (9... Nf6) 10. Qxe3 Nf6 11. O-O-O O-O 12. f4 {Das ist noch eine
Theoriestellung. Weiß hat eine Angriffsstellung und ist meines Erachtens mit
seinem sofortigen Angriff (g2-g4) schneller. Andererseits hat Schwarz
Gegenchancen mit ...b7-b5.} e5 $6 {Dieser Zug hilft nur dem Gegner. Schwarz
muß wohl oder übel 12...Qc7 spielen.} (12... Qc7 13. g4 $1 b5 (13... Nxg4 $6 {
Die Annahme des Bauern ist mehr als gefährlich für Schwarz.} 14. Qg3 Nf6 15.
Rhg1 $40 {1-0 Short,N-Velikov,P/Solingen-Slavija 1987/ Sindik,E) (29)}) 14. g5
Ne8 (14... Nd7 15. h4 (15. f5 b4 16. Ne2 Nde5 17. f6 Nxd3+ 18. Qxd3 Rd8 19. Qg3
e5 20. Qh4 Na5 21. Ng3 {1-0 Weng,A-Zahn,N/Doernigheim 1994/GER (32)}) 15... b4
16. Ne2 a5 17. Kb1 a4 18. Nbd4 Qb6 19. g6 fxg6 20. h5 g5 21. Bc4 Nxd4 22. Rxd4
gxf4 23. Bxe6+ Kh8 24. Qd2 Ne5 25. Rxd6 Qe3 {1/2-1/2 Borge,N-Ostenstad,B/
Gausdal 1996/CBM 51 ext (48)}) 15. Rhg1 (15. Qh3 Nb4 16. e5 (16. Qh4 Bb7 17. a3
Nxd3+ 18. Rxd3 f5 19. Rh3 g6 20. Nd4 Rf7 21. Rd1 e5 22. fxe5 dxe5 23. Ne6 Qe7
24. exf5 Rxf5 25. Nc5 Rf4 {1/2-1/2 Lukov,V-Velikov,P/Pamporovo 1982/MCD (25)})
16... Nxd3+ 17. Rxd3 dxe5 18. Ne4 f5 19. gxf6 Nxf6 20. Nxf6+ Rxf6 21. fxe5 Rh6
22. Qe3 Bb7 23. Rg1 Rxh2 24. Rc3 Qf7 25. Nc5 Bd5 26. Qg3 Rf2 {0-1 Martorelli,
A-Den Boer,B/Forli 1989/EXT 97 (56)}) 15... b4 16. Ne2 a5 17. Kb1 a4 18. Nbd4
Nxd4 19. Nxd4 Ba6 20. Bxa6 Rxa6 21. Qd3 Rb6 22. f5 e5 23. Ne2 Qc5 24. Rg2 Nc7
25. Ng3 Nb5 26. Rgd2 b3 $36 {0-1 Lauterbach,I-Zahn,N/BLW9394 1994/EXT 97-B (34)
}) (12... b5 $2 13. e5 {[%cal Gd1d8]} b4 14. exf6 bxc3 15. Qe4 $18 {[%cal
Rd3h7,Re4c6]}) 13. f5 b5 14. g4 $1 {Das ist ein typisches und chancenreiches
Opfer. Ich bin allerdings nicht hundertprozentig von seiner Korrektheit
überzeugt.} (14. Rhg1 b4 15. Na4 Bd7 16. Nb6 Ng4 17. Qg3 Qxb6 18. Qxg4 Rfc8 19.
Qh4 a5 $132 {0-1 Ginzburg,M-Spangenberg,H/Pena City 1996/CBM 55 ext (39)})
14... Nxg4 (14... b4 15. Nd5 Nxd5 (15... Nxg4 16. Qg3 Nf6 17. Rhg1) 16. exd5
$36 {[%cal Gg4g5]}) 15. Qg3 Nf6 $6 (15... Qg5+ 16. Kb1 (16. Rd2) 16... Qf4 $5 {
Weiß hat Kompensation, aber nach Damentausch wären viele schwarze Probleme
gelöst.}) 16. Rhg1 Ne8 $6 (16... g6 $5) 17. Nd5 $40 {[%csl Gd5][%cal Gf5f6]
Der Springer steht ausgezeichnet auf d5.} f6 {Ohne diesen Zug geht es für
Schwarz gar nicht, denn Weiß kommt dann selbst mit f5-f6.} 18. Qh4 {Weiß
greift mit seinen Schwerfiguren über die g- und h-Linie an.} Ra7 {[%cal Ga7h7]}
(18... Ne7 19. Nxe7+ Qxe7 20. Rg3 $44) 19. Rg3 Kh8 20. Rdg1 g5 {Schwarz git
den Mehrbauern zurück, um sich etwas zu befreien.} (20... Raf7 {[%cal Gc6e7]
Schwarz bereitet 21...Ne7 vor.} 21. Rh3 h6 (21... g5 22. fxg6 Bxh3 23. gxf7 $18
{[%cal Rf7e8,Rh4h3]}) {[#]} 22. Rxg7 $3 (22. Rg6 $40) 22... Rxg7 (22... Kxg7
23. Qxh6+ Kg8 24. Qh8#) 23. Qxh6+ Kg8 24. Be2 $18) 21. fxg6 f5 22. Qh6 $16 Rg7
(22... Rg8 23. exf5 $16) 23. gxh7 Rff7 (23... Qd7 24. Nb6 Qa7 25. Nxc8 $18) (
23... Rxg3 $2 24. Qxf8+ $18) 24. exf5 $18 {Weiß hat zwei Bauern mehr und
entscheidenden Angriff.} Rxg3 25. Rxg3 Rxh7 (25... Ng7 26. f6 $18) (25... Rg7
26. f6 Rxg3 27. Qf8+ $18) 26. Qf8# 1-0

[Event "Budapest FS02 GM"]
[Site "Budapest"]
[Date "1994.??.??"]
[Round "9"]
[White "Kalesis, Nikolaos"]
[Black "Bezold, Michael"]
[Result "0-1"]
[WhiteElo "2415"]
[BlackElo "2515"]
[Annotator "Ribli,Z"]
[PlyCount "68"]
[EventDate "1994.02.??"]
[EventType "tourn"]
[EventRounds "13"]
[EventCountry "HUN"]
[EventCategory "9"]
[SourceTitle "CBM 040"]
[Source "ChessBase"]
[SourceDate "1994.06.01"]
[SourceVersion "1"]
[SourceVersionDate "1994.06.01"]
[SourceQuality "1"]

1. e4 c5 2. Nf3 e6 3. d4 cxd4 4. Nxd4 a6 5. Bd3 Bc5 6. Nb3 Ba7 7. Qe2 Nc6 8.
Be3 Nf6 9. Nc3 d6 10. O-O-O b5 11. Bxa7 Rxa7 12. a3 $6 (12. f4 $1 {
Jakovich-Emms/Capella la Grande/1993/INF57,188/}) 12... e5 $1 13. Qe3 Be6 14.
Nxb5 $2 axb5 15. Bxb5 Rc7 16. Na5 (16. Qb6 O-O 17. Bxc6 Bxb3 18. cxb3 Qd7 $19)
16... Bd7 17. Nc4 O-O 18. Bxc6 (18. Rxd6 Nd4 $19) (18. Nxd6 Nd4 $19) 18... Rxc6
19. Qd3 (19. Nxd6 Qc7 $17) 19... Qc7 20. Nxd6 Rb8 $1 21. f3 g6 $1 22. Rd2 Be6
23. f4 exf4 24. Qd4 Ng4 25. Kb1 Ne3 26. Rc1 Rxd6 $1 27. Qxd6 Rxb2+ $1 28. Ka1
Qc3 29. Qd8+ Kg7 30. Qd4+ Qxd4 31. Rxd4 Rxc2 32. Rg1 Ra2+ 33. Kb1 Nc2 34. Rd5
Bxd5 0-1